000 00458nam a2200181Ia 4500
003 GCL
008 140319s9999 xx 000 0 eng d
040 _aGCL /
_cGCL
082 0 4 _a745.92
_bW D
100 1 _aWATERKEYN, SAROH
245 1 0 _aDRIED FLOWERS /
_cWATERKEYN, SAROH
260 _a[S.N] :
_bSALAMANDER BOOK LIMITED ،
_c1987
300 _a128 P
650 0 4 _aDRIED FLOWERS
650 0 4 _aHANDCRAFT
650 0 4 _aDECORATIVE ARTS
942 _2ddc
_cBK
999 _c12721
_d12721